The diversity of scripture. (Record no. 1620)

000 -LEADER
fixed length control field 00454nam a2200157 a 4500
001 - CONTROL NUMBER
control field :::00017805$&:&@@
003 - CONTROL NUMBER IDENTIFIER
control field OkBaRHE
005 - DATE AND TIME OF LATEST TRANSACTION
control field 20100326171752.0
008 - FIXED-LENGTH DATA ELEMENTS--GENERAL INFORMATION
fixed length control field j 000 0 eng u
040 ## - CATALOGING SOURCE
Transcribing agency
100 1# - MAIN ENTRY--PERSONAL NAME
Personal name Hanson, Paul D.
245 14 - TITLE STATEMENT
Title The diversity of scripture.
260 ## - PUBLICATION, DISTRIBUTION, ETC. (IMPRINT)
Place of publication, distribution, etc Philadelphia
Name of publisher, distributor, etc Fortress Press
942 ## - ADDED ENTRY ELEMENTS (KOHA)
Source of classification or shelving scheme
Koha item type Books
Copies
Lost status Source of classification or shelving scheme Koha item type Copy number Withdrawn status Price effective from Date acquired Not for loan Permanent Location Barcode Full call number Damaged status Date last seen Shelving location Collection code
  Books1 2010-04-142010-04-14 RHEMA Bible Training College17805BS 543 .H35 2018-02-16General StacksReference